| 000 | 01962nam a2200553 i 4500 | ||
|---|---|---|---|
| 001 | 10381 | ||
| 003 | KOSZ 005 | ||
| 005 | 20220916112557.0 | ||
| 008 | 980702s1995 pl a |001 0 pol | ||
| 015 | _aUWD 1996/2053 | ||
| 020 | _a8301117192 | ||
| 035 | _a991003906079705066 | ||
| 035 | _a(PL-WaBN)b11040920-48omnis_nlop | ||
| 035 | _ab11040920 | ||
| 035 | _a(OCoLC)749260127 | ||
| 035 | _a(PL)b0000001104092 | ||
| 035 | _a(EXLNZ-48OMNIS_NETWORK)9910345090905606 | ||
| 040 |
_aWA N _cWA N _dKOSZ 005/HR |
||
| 041 | 1 |
_apol _heng |
|
| 046 | _k1990 | ||
| 080 | _a657.47 | ||
| 080 | _a658.14/.17 | ||
| 080 | _a(075.8) | ||
| 100 | 1 |
_aDrury, Colin _eAutor |
|
| 245 | 1 | 0 |
_aRachunek kosztów : _bwprowadzenie / _cColin Drury ; przekł. [z ang.] zespół pracowników Katedry Rachunkowości Uniwersytetu Łódzkiego pod kier. Alicji Jarugowej, tł. A. Jarugowa [et al.]. |
| 246 | 1 |
_iTyt. oryg.: _aCosting : _ban introduction, _f1990 |
|
| 250 | _a[Wyd. 1 dodr.]. | ||
| 260 |
_aWarszawa : _bWydaw. Naukowe PWN ; _aLondon [etc.] : _bChapman & Hall [etc.], _c1996. |
||
| 300 |
_a546, [1] s. : _bwykr. ; _c25 cm. |
||
| 336 |
_aTekst _btxt _2rdacontent |
||
| 337 |
_aBez urządzenia pośredniczącego _bn _2rdamedia |
||
| 338 |
_aWolumin _bnc _2rdacarrier |
||
| 380 | _aKsiążki | ||
| 388 | _a1901-2000 | ||
| 388 | _a1989-2000 | ||
| 504 | _aIndeks. | ||
| 650 | 7 |
_aDecyzje _2DBN |
|
| 650 | 7 | _aFinanse przedsiębiorstwa | |
| 650 | 7 |
_aInformacja gospodarcza _2DBN |
|
| 650 | 7 | _aKalkulacja kosztów | |
| 650 | 7 |
_aRachunek kosztów _2DBN |
|
| 655 | 7 |
_aPodręczniki akademickie _2DBN |
|
| 658 | _aGospodarka, ekonomia, finanse | ||
| 710 | 2 |
_aWydawnictwo Naukowe PWN _4pbl |
|
| 700 | 1 |
_aJaruga, Alicja _d(1928- 2011) _eTłumaczenie |
|
| 856 |
_uhttp://koha.tu.koszalin.pl/cgi-bin/koha/opac-detail.pl?biblionumber=10381 _yKatalog online BPK |
||
| 942 |
_2UKD _cKS |
||
| 999 |
_c10381 _d10381 |
||